Science Quiz

Random Science Quiz

Nervous System Quiz Stats

 Plays Quiz not verified by Sporcle

Challenge
Share
Tweet
Embed
Score 0/10 Timer 10:00
0 Plays Today
question answer % Correct
Brain stem connects the brain to the ______ cord.Spinal
78%
The nervous __________ controls every thing you do.System
77%
It is the control center of the nervous system.Brain
68.2%
There are billions of nerve______ in the brain.Cells
65.4%
Cerebellum controls coordination and ______.Balance
47.9%
Includes the brain,______, and spinal cord to make up nervous system.Nerves
46.4%
Thalamus carries __________to the brain.Messages
29.6%
The nervous system is large and in charge of what?Body
28.4%
The spinal cord acts as a _________ to the brain.Highway
23.7%
Cerebrum controls ______ and movement.Speaking
16.8%

You're not logged in!

Compare scores with friends on all Sporcle quizzes.
OR
Log In

You Might Also Like...

Show Comments

Extras

Created Mar 9, 2011ReportNominate
Tags:nervous, Nervous System, system

Top Quizzes Today


Score Distribution

Your Account Isn't Verified!

In order to create a playlist on Sporcle, you need to verify the email address you used during registration. Go to your Sporcle Settings to finish the process.

Report this User

Report this user for behavior that violates our Community Guidelines.

Details: